000 00365nam a2200145Ia 4500
005 20251222144727.0
008 251222s9999||||xx |||||||||||||| ||spa||
020 _a970-686-420-2
082 _a338.5/N54M
100 _aNicholson, Walter
245 0 _aMicroeconomía Intermedia y sus Aplicaciones
250 _a9a.ed.
264 _bThomson Learning
942 _cLIB
999 _c18423
_d18423